| 000 | 00483nam a2200205Ia 4500 | ||
|---|---|---|---|
| 999 |
_c35759 _d35759 |
||
| 003 | 0100 | ||
| 005 | 20190718094533.0 | ||
| 008 | 130303s9999 xx 000 0 und d | ||
| 020 | _a0130645699 | ||
| 040 | _cARRUPELIB | ||
| 050 | _aHM19.Z4 1994 | ||
| 100 |
_aZeitlin, Irving M _942199 |
||
| 245 | _aIdeology and the Development of Sociological Theory | ||
| 260 |
_aNew Jersey _bPrentice-Hall _c1994 |
||
| 300 | _aviii | ||
| 300 | _b 376p 24cm. | ||
| 650 |
_aSociology _xHistory _947219 |
||
| 942 | 0 | 0 |
_06 _2lcc _cMONOGRAPH |